000 01684cam a2200469Ia 4500
001 sjds1062019
003 sjds
005 20180421161446.0
008 110417t20112011utua a 000 1 eng
010 _a 2010910827
020 _a9780977606528 (pbk.)
020 _a097760652X (pbk.)
035 _a492267
035 _a(OCoLC)712990160
035 _a492267
040 _aBKX
_cBKX
_dBKX
_dBDX
_dZHX
_dLMJ
_dIFA
_dUtOrBLW
041 0 _aeng
_aspa
049 _aIFAA
099 _aESPANOL PICTURE BOOKS BECKSTRAND 2011
100 1 _aBeckstrand, Karl William,
_eauthor.
245 1 0 _aElla no quiere los gusanos =
_bShe doesn't want the worms /
_cby Karl Beckstrand ; illustrated by David Hollenbach.
246 3 1 _aShe doesn't want the worms
246 3 0 _aWorms
260 _aMidvale, UT :
_bGozo Books,
_cc2011
264 1 _aMidvale, UT :
_bGozo Books,
_c[2011]
264 4 _cc2011
300 _a1 volume (unpaged) :
_bcolor illustrations ;
_c26 cm
336 _atext
_btxt
_2rdacontent
337 _aunmediated
_bn
_2rdamedia
338 _avolume
_bnc
_2rdacarrier
520 _aElla's very picky about which animals she likes, reserving a special distaste for insects and other non-mammals.
521 1 _aAges 002-008.
546 _aText in English and Spanish.
650 0 _aInsects
_vJuvenile fiction.
650 0 _aAnimals
_vJuvenile fiction.
650 0 _aSpanish language materials
_xBilingual
_vJuvenile literature.
650 7 _aInsectos
_vNovela juvenil.
_2bidex
650 7 _aAnimales
_vNovela juvenil.
_2bidex
650 7 _aMateriales bilingües en español
_vLiteratura juvenil.
_2bidex
700 1 _aHollenbach, David,
_eillustrator.
942 _cBK
_2ddc
999 _c20681
_d20681